Weighted inequalities for holomorphic functional calculi of operators with heat kernel bounds /
Đã lưu trong:
| Tác giả chính: | |
|---|---|
| Tác giả khác: | |
| Định dạng: | Bài viết |
| Ngôn ngữ: | English |
| Những chủ đề: | |
| Các nhãn: |
Thêm thẻ
Không có thẻ, Là người đầu tiên thẻ bản ghi này!
|
| Thư viện lưu trữ: | Thư viện Trường Đại học Đà Lạt |
|---|
| LEADER | 00965nam a2200313 4500 | ||
|---|---|---|---|
| 001 | DLU090079174 | ||
| 005 | ##20090608 | ||
| 040 | # | # | |a DLU |b eng |
| 041 | # | # | |a eng |
| 044 | # | # | |a JP |
| 100 | # | # | |a Duong, Xuan Thinh. |
| 245 | # | # | |a Weighted inequalities for holomorphic functional calculi of operators with heat kernel bounds / |c Xuan Thinh Duong, Lixin Yan. |
| 653 | # | # | |a Elliptic operator |
| 653 | # | # | |a Functional calculus |
| 653 | # | # | |a Homogeneous type |
| 653 | # | # | |a Integral operator |
| 653 | # | # | |a Semigroup kernel |
| 653 | # | # | |a Weights |
| 700 | # | # | |a Yan, Lixin. |
| 773 | # | # | |t Journal of the Mathematical Society of Japan |g Vol. 57, no. 4 (October 2005), p. 1129-1152 |
| 920 | # | # | |a Phòng Tạp chí -- Trung tâm Thông tin - Thư viện Trường Đại học Đà Lạt |
| 994 | # | # | |a DLU |
| 900 | # | # | |a True |
| 911 | # | # | |a Trương Bảo Trâm Anh |
| 925 | # | # | |a G |
| 926 | # | # | |a A |
| 927 | # | # | |a BB |
| 980 | # | # | |a Thư viện Trường Đại học Đà Lạt |